000 00251nam a2200109Ia 4500
008 190912s9999||||xx |||||||||||||| ||und||
100 _aM. Ahsan Farooqi
245 0 _aSangum
260 _aKarachi
_bLubna Publications
_c1971
300 _a264
942 _cBK
999 _c7176
_d7176